| 000 | 00608nam a2200193Ia 4500 | ||
|---|---|---|---|
| 003 | GCL | ||
| 008 | 140319s9999 xx 000 0 ara d | ||
| 040 |
_aGCL / _cGCL |
||
| 082 | 0 | 4 |
_aق _b962.048 _bر و |
| 100 | 1 | _aرمزى ميخائيل | |
| 245 | 1 | 0 |
_aالوفد والوحدة الوطنية فى ثورة 1919 / _cرمزى ميخائيل |
| 300 | _a200 | ||
| 490 |
_a100 قصة _v0 |
||
| 650 | 0 | 4 | _aالصحافة المصرية |
| 650 | 0 | 4 | _aمصر - تاريخ |
| 650 | 0 | 4 | _aمصر - حزب الوفد |
| 650 | 0 | 4 | _aمصر - تاريخ - العصر الحديث - ثورة 1919 |
| 942 |
_2ddc _cBK |
||
| 999 |
_c44105 _d44105 |
||